00482 2200193 4500001002100000005001700021006001900038008004100057020001800098035002500116082000800141084001400149100001900163245001900182260001800201500002800219650002000247990002100267INLIS00000000001193020150320095256.0a ||| | 170609| ||| |  a979-9409-18-7 a0010-0315000000006030 aFIK aFIK KUR s0 aAgus Kurniawan00aSungai beracun blaksanac2006 avi, 60 hlm, ilus; 20 cm 0aFiksi Indonesia a0104/b/kpad/2010